Marketing v rámci manažmentu penzijných fondov
Guardado en:
| Autor principal: | |
|---|---|
| Otros Autores: | |
| Formato: | Capítulo de libro |
| Lenguaje: | eslovaco |
| Materias: | |
| Etiquetas: |
Sin Etiquetas, Sea el primero en etiquetar este registro!
|
MARC
| LEADER | 00000nla$a2200000$$$4500 | ||
|---|---|---|---|
| 001 | 0134985 | ||
| 005 | 20240502072521.5 | ||
| 041 | 0 | |a slo | |
| 044 | |a SK | ||
| 245 | 1 | 0 | |a Marketing v rámci manažmentu penzijných fondov |c Lea Škrovánková, Štefan Poláček |
| 500 | |a Abstrakt | ||
| 610 | 2 | 0 | |a trh kapitálový |
| 610 | 2 | 0 | |a trh poistný |
| 610 | 2 | 0 | |a stratégia investičná |
| 610 | 2 | 0 | |a fondy penzijné |
| 610 | 2 | 0 | |a matematika hospodárska |
| 610 | 2 | 0 | |a matematika poistná |
| 610 | 2 | 0 | |a rozhodovanie taktické |
| 610 | 2 | 0 | |a marketing manažment |
| 100 | 1 | |a Škrovánková, Lea, 1954- | |
| 700 | 1 | |a Poláček, Štefan, 1984- | |